Encyclopedia of Teaching and Learning / (Record no. 45858)

MARC details
000 -LEADER
fixed length control field 01768nam a22001937a 4500
003 - CONTROL NUMBER IDENTIFIER
control field CUTN
005 - DATE AND TIME OF LATEST TRANSACTION
control field 20251006162014.0
008 - FIXED-LENGTH DATA ELEMENTS--GENERAL INFORMATION
fixed length control field 251006b |||||||| |||| 00| 0 eng d
020 ## - INTERNATIONAL STANDARD BOOK NUMBER
International Standard Book Number 9798887150482
020 ## - INTERNATIONAL STANDARD BOOK NUMBER
International Standard Book Number 9798887151724
041 ## - LANGUAGE CODE
Language English
082 ## - DEWEY DECIMAL CLASSIFICATION NUMBER
Classification number 371.102
Item number LAC
100 ## - MAIN ENTRY--PERSONAL NAME
Personal name Lachey, Charles
245 ## - TITLE STATEMENT
Title Encyclopedia of Teaching and Learning /
Statement of responsibility, etc Charles Lachey
260 ## - PUBLICATION, DISTRIBUTION, ETC. (IMPRINT)
Place of publication, distribution, etc Dublin :
Name of publisher, distributor, etc Oryson Press,
Date of publication, distribution, etc 2023.
520 ## - SUMMARY, ETC.
Summary, etc Since the independence of India, there has been a quantitative expansion in the field of education in terms of an explosion in the number of students. Consequently the number of teachers have also increased substantially. The emerging aims of education include equipping all the citizens to lead a better life, providing equal opportunities and basic amenities for all Indian citizens irrespective of caste, creed, colour or locality. As per the new 20 point programme, a threefold approach has been envisaged to arrest illiteracy through :-<br/>(1) ensuring 100 percent enrolment as 5+ in schools and<br/>(2) preventing drop outs from the lower primary, stage and to<br/>(3) wipe out illiteracy at least from the age range 15-35 by March 1990, giving place of priority to women, SC and ST and other deprived sections.<br/><br/>There are about 11.5. crores in this category in India. If these people are to be reached and made literate, rigorous efforts are needed. Governmental and voluntary agencies are in the field. During the last 5 years college students are in the front of illiteracy eradication work. Work has to continue in this area so as to ensure development in our society, this book is a comprehensive guide to the methods and aims of education and teaching in more recent times.
650 ## - SUBJECT ADDED ENTRY--TOPICAL TERM
Topical term or geographic name as entry element Education
942 ## - ADDED ENTRY ELEMENTS (KOHA)
Source of classification or shelving scheme Dewey Decimal Classification
Koha item type General Books
Holdings
Withdrawn status Lost status Source of classification or shelving scheme Damaged status Not for loan Collection code Home library Location Shelving location Date of Cataloging Total Checkouts Full call number Barcode Date last seen Price effective from Koha item type
    Dewey Decimal Classification     Non-fiction CUTN Central Library CUTN Central Library Social Sciences 06/10/2025   371.102 LAC 52544 06/10/2025 06/10/2025 General Books